The structure and function of enzymes

Сохранить в:
Библиографические подробности
Главный автор: Bernhard, Sidney A (Автор)
Формат:
Язык:английский
Опубликовано: Nueva York W.A.Benjamin 1968
Серии:Biology Teaching Monograph Series
Предметы:
Метки: Добавить метку
Нет меток, Требуется 1-ая метка записи!

MARC

LEADER 00000nam a2200000 a 4500
001 UCR5320
003 CL-VaPUC
008 980327e19680000US |||||||||||||||||eng|d
082 0 4 |a 572.7  |b BER  |2 21 
100 0 |a Bernhard, Sidney A  |e author  |9 406092 
245 1 4 |a The structure and function of enzymes 
300 |a 324 p 
942 |c BK 
945 |d 19980327 00:00:00  |a crobeson 
260 |a Nueva York  |b W.A.Benjamin  |c 1968 
650 7 |a ENZIMOLOGIA  |2 CL-VaPUC  |9 263051 
650 0 |a Enzimas  |9 262984 
650 0 |a Bioquímica   |9 259492 
650 7 |a FENOMENOS BIOQUIMICOS  |2 CL-VaPUC  |9 360969 
650 0 |a Catálisis  |9 259915 
583 |a last modification  |c 19980327 00:00:00  |k Rodrigo Vera 
490 0 |a Biology Teaching Monograph Series 
999 |c 267935  |d 267933 
952 |0 0  |1 0  |4 0  |6 572_700000000000000_BER_1968  |7 0  |8 A  |9 300770  |a BIBALI  |b BIBALI  |c GEN  |d 2019-11-20  |i 1973126  |o 572.7 BER 1968  |p 1973126  |r 2025-01-20  |w 2019-11-20  |y BK  |k ALI